00362nam a2200133Ia 4500008004100000020001500041041000800056082001800064100004000082245004000122260004300162300001400205650000900219210716s1992 xx 000 0 und d a8185623481 aeng a005.268 WALJ aWalkenbach, John;Robinson, Phillip. a1-2-3 for windows complete hndbook. aNew DelhibGalgotia Publicationsc1992 axxxii,680 aNone